Blackpink songs that start with letter S By:Max - Statistics

General Stats
  • This quiz has been taken 111 times
  • The average score is 3 of 5
Answer Stats
Hint Answer % Correct
S Stay
76%
S Shut down
69%
S Solo
60%
S Sour Candy
59%
S See you later
44%
No matching quizzes found
Score Distribution
Percent of People with Each Score
Percentile by Number Answered
Your Score History
You have not taken this quiz